[Event "Winnipeg TNT June op"]
[Site "Winnipeg CAN"]
[Date "2004.06.08"]
[Round "2"]
[White "Greenberg, Harley"]
[Black "Nikouline, Alexandre"]
[Result "0-1"]
[WhiteElo "1785"]
[BlackElo "1987"]
[PlyCount "48"]
[GameId "2160767911092232"]
[EventDate "2004.06.01"]
[EventType "swiss"]
[EventRounds "4"]
[EventCountry "CAN"]
[SourceTitle "EXT 2006"]
[Source "ChessBase"]
[SourceDate "2005.11.24"]
[SourceVersion "1"]
[SourceVersionDate "2005.11.24"]
[SourceQuality "1"]

1. d4 Nf6 2. c4 g6 3. g3 d5 4. Bg2 Bg7 5. Nf3 O-O 6. Nc3 c6 7. O-O dxc4 8. Ne5 Nd5 9. Nxc4 Be6 10. Ne3 Nb6 11. d5 cxd5 12. Nexd5 Nxd5 13. Nxd5 Nc6 14. e4 Qa5 15. Bd2 Qb5 16. Nc7 Qxb2 17. Rb1 Qxa2 18. Nxa8 Rd8 19. Rxb7 Rxd2 20. Qc1 Bd4 21. Qb1 Rxf2 22. Kh1 Rxg2 23. Qxa2 Rxa2 24. Rc7 Bh3 0-1

[Event "Winnipeg TNT June op"]
[Site "Winnipeg CAN"]
[Date "2004.06.08"]
[Round "2"]
[White "MacPherson, Al"]
[Black "Mor, Shai"]
[Result "1-0"]
[WhiteElo "1669"]
[BlackElo "1398"]
[PlyCount "53"]
[GameId "2160767911092233"]
[EventDate "2004.06.01"]
[EventType "swiss"]
[EventRounds "4"]
[EventCountry "CAN"]
[SourceTitle "EXT 2006"]
[Source "ChessBase"]
[SourceDate "2005.11.24"]
[SourceVersion "1"]
[SourceVersionDate "2005.11.24"]
[SourceQuality "1"]

1. d4 Nf6 2. c4 d5 3. cxd5 Nxd5 4. e4 Nb6 5. Nc3 Nc6 6. d5 Ne5 7. Bf4 Nec4 8. Bxc4 Nxc4 9. Qa4+ Qd7 10. Qxc4 Qg4 11. Bg3 Qd7 12. Nb5 Kd8 13. Nxc7 b5 14. Qxb5 e5 15. Qxd7+ Kxd7 16. Nxa8 Bb4+ 17. Kd1 f6 18. Rc1 Ba5 19. b4 Bd8 20. Ne2 Bb7 21. Nd4 Bxa8 22. Ne6 Be7 23. Rc7+ Kd6 24. Rxa7 g6 25. Ke2 Rc8 26. Nc5 h5 27. Rd7# 1-0

[Event "Winnipeg TNT June op"]
[Site "Winnipeg CAN"]
[Date "2004.06.08"]
[Round "2"]
[White "Silva, T Romero"]
[Black "Zaczek, Jonathon"]
[Result "0-1"]
[WhiteElo "1661"]
[BlackElo "1924"]
[PlyCount "120"]
[GameId "2160767911092234"]
[EventDate "2004.06.01"]
[EventType "swiss"]
[EventRounds "4"]
[EventCountry "CAN"]
[SourceTitle "EXT 2006"]
[Source "ChessBase"]
[SourceDate "2005.11.24"]
[SourceVersion "1"]
[SourceVersionDate "2005.11.24"]
[SourceQuality "1"]

1. d4 c5 2. d5 g6 3. c4 Bg7 4. Nf3 d6 5. e4 Nf6 6. Nc3 O-O 7. Be2 Na6 8. O-O Nc7 9. Bg5 h6 10. Bd2 a6 11. a4 Rb8 12. Bd3 Bg4 13. h3 Bd7 14. Qc1 Kh7 15. e5 Nfe8 16. Re1 e6 17. Qc2 exd5 18. cxd5 dxe5 19. Nxe5 f5 20. Re3 b5 21. axb5 axb5 22. Nxd7 Qxd7 23. Rae1 Nxd5 24. Nxd5 Qxd5 25. Re7 c4 26. Be2 Nf6 27. Bf3 Qd6 28. Qc1 Ng8 29. Rxg7+ Kxg7 30. Bf4 Qb6 31. Qc3+ Kh7 32. Bxb8 Rxb8 33. Bd5 Qd6 34. Qd4 Qc7 35. Bxg8+ Kxg8 36. Qf6 Qf7 37. Qh4 Re8 38. Rd1 Kh7 39. Rd6 Qc7 40. Qf6 Qg7 41. Qxg7+ Kxg7 42. Rd7+ Kf6 43. Rb7 Re1+ 44. Kh2 Re2 45. Rb6+ Kg5 46. Rxb5 Rxf2 47. Kg1 Rc2 48. Rb4 f4 49. Rb6 Kh5 50. Rc6 g5 51. b4 Kh4 52. Rg6 Kg3 53. Kf1 Rxg2 54. Rxh6 Rb2 55. Rh5 c3 56. Ke1 Rb1+ 57. Ke2 c2 58. Rxg5+ Kxh3 59. Kf3 Rf1+ 60. Ke4 c1=Q 0-1

[Event "Winnipeg TNT June op"]
[Site "Winnipeg CAN"]
[Date "2004.06.22"]
[Round "3"]
[White "Costales, Servillano"]
[Black "Anderson, Collin"]
[Result "0-1"]
[WhiteElo "1723"]
[BlackElo "1788"]
[PlyCount "50"]
[GameId "2160767911092235"]
[EventDate "2004.06.01"]
[EventType "swiss"]
[EventRounds "4"]
[EventCountry "CAN"]

1. e4 c5 2. c3 d5 3. Nf3 dxe4 4. Qa4+ Bd7 5. Qxe4 Nc6 6. Bc4 e6 7. O-O Nf6 8. Qe2 Bd6 9. Na3 a6 10. Bb3 b5 11. Bc2 Qc7 12. h3 Ne7 13. d4 Ng6 14. Bg5 O-O 15. Bxf6 gxf6 16. Qd3 c4 17. Qd1 Bc6 18. Nb1 Kh8 19. Nbd2 f5 20. Re1 Rg8 21. Kf1 Nf4 22. Nh4 Rxg2 23. Nxg2 Bxg2+ 24. Kg1 Rg8 25. Re3 Ne2+ 0-1

[Event "Winnipeg TNT June op"]
[Site "Winnipeg CAN"]
[Date "2004.06.22"]
[Round "3"]
[White "Khedkar, Jay S"]
[Black "Silva, T Romero"]
[Result "1-0"]
[WhiteElo "1921"]
[BlackElo "1661"]
[PlyCount "45"]
[GameId "2160767911092236"]
[EventDate "2004.06.01"]
[EventType "swiss"]
[EventRounds "4"]
[EventCountry "CAN"]
[SourceTitle "EXT 2006"]
[Source "ChessBase"]
[SourceDate "2005.11.24"]
[SourceVersion "1"]
[SourceVersionDate "2005.11.24"]
[SourceQuality "1"]

1. e4 e5 2. Nf3 Nc6 3. Bb5 a6 4. Ba4 Nf6 5. O-O b5 6. Bb3 Be7 7. Re1 O-O 8. c3 d5 9. exd5 Nxd5 10. Nxe5 Nxe5 11. Rxe5 Nf6 12. d4 Bd6 13. Re1 Ng4 14. g3 Nxh2 15. Qh5 Ng4 16. Bg5 Nf6 17. Qf3 Bg4 18. Qg2 h6 19. Be3 Qd7 20. Nd2 Bh3 21. Qh1 Bf5 22. Qh4 Kh7 23. Bxh6 1-0

[Event "Winnipeg TNT June op"]
[Site "Winnipeg CAN"]
[Date "2004.06.22"]
[Round "3"]
[White "MacPherson, Al"]
[Black "Boron, Anthony"]
[Result "0-1"]
[WhiteElo "1669"]
[BlackElo "1942"]
[PlyCount "69"]
[GameId "2160767911092237"]
[EventDate "2004.06.01"]
[EventType "swiss"]
[EventRounds "4"]
[EventCountry "CAN"]
[SourceTitle "EXT 2006"]
[Source "ChessBase"]
[SourceDate "2005.11.24"]
[SourceVersion "1"]
[SourceVersionDate "2005.11.24"]
[SourceQuality "1"]

1. d4 Nf6 2. c4 e6 3. Nc3 Bb4 4. Qc2 b6 5. a3 Bxc3+ 6. Qxc3 Bb7 7. Bg5 h6 8. Bf4 d6 9. Nf3 Nbd7 10. e3 Nh5 11. Bg3 Nxg3 12. hxg3 Nf6 13. Bd3 a5 14. O-O O-O 15. Qc2 Qe7 16. Rfe1 e5 17. dxe5 dxe5 18. Bf5 Rad8 19. Rac1 Qc5 20. b4 axb4 21. axb4 Qxb4 22. Nxe5 Rd2 23. Qb1 Rb2 24. Qd3 Qe7 25. Qc3 Ra2 26. Ra1 Rxa1 27. Rxa1 Re8 28. Nf3 Ne4 29. Bxe4 Bxe4 30. Ra7 Qc5 31. Qd4 Qe7 32. Nd2 Bc6 33. Qf4 Rc8 34. Nb3 Qe4 35. Kh2 0-1

[Event "Winnipeg TNT June op"]
[Site "Winnipeg CAN"]
[Date "2004.06.22"]
[Round "3"]
[White "Mor, Shai"]
[Black "Anderson, George"]
[Result "1-0"]
[WhiteElo "1398"]
[BlackElo "1503"]
[PlyCount "49"]
[GameId "2160767911092238"]
[EventDate "2004.06.01"]
[EventType "swiss"]
[EventRounds "4"]
[EventCountry "CAN"]
[SourceTitle "EXT 2006"]
[Source "ChessBase"]
[SourceDate "2005.11.24"]
[SourceVersion "1"]
[SourceVersionDate "2005.11.24"]
[SourceQuality "1"]

1. c4 e6 2. d4 Nf6 3. Nc3 Nc6 4. a3 d5 5. c5 e5 6. Nf3 e4 7. Ne5 Nxe5 8. dxe5 Nd7 9. Qxd5 Nxc5 10. Qxd8+ Kxd8 11. Bg5+ Be7 12. Rd1+ Ke8 13. Bxe7 Kxe7 14. Nd5+ Kd7 15. Nb6+ Kc6 16. Nxa8 Be6 17. Nxc7 Kxc7 18. Rc1 Kb6 19. b4 Nd7 20. a4 Nxe5 21. Rc5 Nd7 22. a5+ Ka6 23. e3+ b5 24. Rxb5 Nb6 25. Rxb6# 1-0

[Event "Winnipeg TNT June op"]
[Site "Winnipeg CAN"]
[Date "2004.06.22"]
[Round "3"]
[White "Nikouline, Alexandre"]
[Black "Zaczek, Jonathon"]
[Result "1-0"]
[WhiteElo "1987"]
[BlackElo "1924"]
[PlyCount "59"]
[GameId "2160767911092239"]
[EventDate "2004.06.01"]
[EventType "swiss"]
[EventRounds "4"]
[EventCountry "CAN"]
[SourceTitle "EXT 2006"]
[Source "ChessBase"]
[SourceDate "2005.11.24"]
[SourceVersion "1"]
[SourceVersionDate "2005.11.24"]
[SourceQuality "1"]

1. e4 c5 2. Nf3 d6 3. d4 cxd4 4. Nxd4 Nf6 5. Nc3 a6 6. Bg5 e6 7. f4 Be7 8. Qf3 Qc7 9. O-O-O Nbd7 10. Bd3 b5 11. Rhe1 Rb8 12. Nd5 Nxd5 13. Nxe6 fxe6 14. exd5 Nf6 15. Bxf6 Bxf6 16. dxe6 O-O 17. e7 Bxe7 18. Qe4 Bf5 19. Qd5+ Kh8 20. Bxf5 Bf6 21. Bd3 Qa5 22. Qh5 Bxb2+ 23. Kxb2 Qb4+ 24. Kc1 Qa3+ 25. Kd2 Qb4+ 26. c3 Qb2+ 27. Bc2 g6 28. Qd5 b4 29. Qd4+ Kg8 30. Kd3 1-0

[Event "Winnipeg TNT June op"]
[Site "Winnipeg CAN"]
[Date "2004.06.22"]
[Round "3"]
[White "Reimer, Bruce"]
[Black "Degroot, Stephen"]
[Result "0-1"]
[WhiteElo "1357"]
[BlackElo "1527"]
[PlyCount "72"]
[GameId "2160767911092240"]
[EventDate "2004.06.01"]
[EventType "swiss"]
[EventRounds "4"]
[EventCountry "CAN"]
[SourceTitle "EXT 2006"]
[Source "ChessBase"]
[SourceDate "2005.11.24"]
[SourceVersion "1"]
[SourceVersionDate "2005.11.24"]
[SourceQuality "1"]

1. c4 Nf6 2. g3 g6 3. Bg2 Bg7 4. Nc3 d6 5. e4 O-O 6. d4 Nc6 7. Nge2 e5 8. d5 Ne7 9. O-O Bd7 10. h3 a6 11. a4 Ne8 12. f4 f5 13. fxe5 Bxe5 14. Bf4 Bxf4 15. Rxf4 Ng7 16. Nd4 g5 17. Rf2 f4 18. g4 Ng6 19. Nf3 Qe7 20. Qc2 Rae8 21. Bf1 h5 22. gxh5 Nxh5 23. e5 Bf5 24. Bd3 Ng3 25. Bxf5 Nxf5 26. Rg2 Ngh4 27. Rxg5+ Ng7 28. Ne4 Nxf3+ 29. Kf2 Nxg5 30. Nxg5 Qxg5 31. Rg1 Qh4+ 32. Kf1 Qxh3+ 33. Ke1 Rxe5+ 34. Kd1 Qf3+ 35. Kc1 Qe3+ 36. Kb1 Qxg1+ 0-1

[Event "Winnipeg TNT June op"]
[Site "Winnipeg CAN"]
[Date "2004.06.29"]
[Round "4"]
[White "Anderson, Collin"]
[Black "Boron, Anthony"]
[Result "1-0"]
[WhiteElo "1788"]
[BlackElo "1966"]
[PlyCount "35"]
[GameId "2160767911092241"]
[EventDate "2004.06.01"]
[EventType "swiss"]
[EventRounds "4"]
[EventCountry "CAN"]

1. e4 d5 2. exd5 Qxd5 3. Nc3 Qa5 4. d4 c6 5. Bc4 Bf5 6. Nf3 e6 7. Bd2 Nf6 8. O-O Bb4 9. Re1 Nbd7 10. a3 Bxc3 11. Bxc3 Qc7 12. Ng5 Nd5 13. Qf3 N7b6 14. Bxd5 Nxd5 15. Qxf5 O-O-O 16. Qxf7 Rd7 17. Qxe6 Kb8 18. Qe5 1-0

[Event "Winnipeg TNT June op"]
[Site "Winnipeg CAN"]
[Date "2004.06.29"]
[Round "4"]
[White "Babb, Jeff"]
[Black "Nikouline, Alexandre"]
[Result "0-1"]
[WhiteElo "2142"]
[BlackElo "1987"]
[PlyCount "142"]
[GameId "2160767911092242"]
[EventDate "2004.06.01"]
[EventType "swiss"]
[EventRounds "4"]
[EventCountry "CAN"]
[SourceTitle "EXT 2006"]
[Source "ChessBase"]
[SourceDate "2005.11.24"]
[SourceVersion "1"]
[SourceVersionDate "2005.11.24"]
[SourceQuality "1"]

1. Nf3 c5 2. g3 d5 3. c4 Nf6 4. cxd5 Nxd5 5. Nc3 e6 6. Bg2 Nc6 7. O-O Be7 8. d4 Nxc3 9. bxc3 O-O 10. e4 b6 11. d5 exd5 12. exd5 Na5 13. Bf4 Bb7 14. Ne5 Bd6 15. h4 Qc7 16. Re1 Rae8 17. Nd3 Bxf4 18. Rxe8 Rxe8 19. Qa4 Rd8 20. Qxf4 Qxf4 21. Nxf4 Nc4 22. Re1 Kf8 23. Re4 Nd6 24. Ra4 a6 25. Ra3 c4 26. Ra4 a5 27. Bf1 Ba6 28. Ng2 Bb5 29. Ra3 Ne4 30. Ne3 Nd2 31. Bg2 Nb1 32. Nc2 Nxa3 33. Nxa3 Ba6 34. Nc2 b5 35. a3 Bb7 36. Ne3 b4 37. cxb4 axb4 38. axb4 c3 39. Be4 Bxd5 40. Bc2 Bf3 41. b5 Rd2 42. b6 Ke7 43. Kf1 Kd8 44. Ke1 Re2+ 45. Kf1 Rxc2 46. Nxc2 Be4 47. b7 Kc7 48. Nb4 c2 49. Na6+ Kxb7 50. Nc5+ Kc7 51. Nb3 Kd6 52. Ke2 h5 53. Kd2 Ke5 54. Na1 Kf5 55. Nxc2 Bxc2 56. Kxc2 Ke4 57. Kd2 Kf3 58. Ke1 f5 59. Kf1 f4 60. gxf4 Kxf4 61. Ke2 Kg4 62. Ke3 Kxh4 63. Kf4 g6 64. f3 Kh3 65. Kg5 Kg3 66. Kxg6 h4 67. Kg5 h3 68. f4 h2 69. f5 h1=Q 70. Kg6 Qh8 71. Kf7 Kf4 0-1

[Event "Winnipeg TNT June op"]
[Site "Winnipeg CAN"]
[Date "2004.06.29"]
[Round "4"]
[White "Degroot, Stephen"]
[Black "Costales, Servillano"]
[Result "1-0"]
[WhiteElo "1527"]
[BlackElo "1716"]
[PlyCount "120"]
[GameId "2160767911092243"]
[EventDate "2004.06.01"]
[EventType "swiss"]
[EventRounds "4"]
[EventCountry "CAN"]
[SourceTitle "EXT 2006"]
[Source "ChessBase"]
[SourceDate "2005.11.24"]
[SourceVersion "1"]
[SourceVersionDate "2005.11.24"]
[SourceQuality "1"]

1. e4 e6 2. d4 c5 3. Nf3 cxd4 4. Nxd4 a6 5. Nc3 Bc5 6. Be3 Nf6 7. Be2 Qc7 8. Qd2 b5 9. f3 Qb6 10. e5 Ng8 11. O-O-O Ne7 12. g4 Nbc6 13. f4 Nb4 14. Bf3 Rb8 15. Kb1 Nbc6 16. Ne4 Nxd4 17. Bxd4 Bxd4 18. Nd6+ Kf8 19. Qxd4 Qxd4 20. Rxd4 g6 21. Nxc8 Rxc8 22. Rxd7 a5 23. Rhd1 Nc6 24. b3 Kg7 25. Rb7 Nb4 26. Rdd7 Rhf8 27. Be4 Na6 28. Rxb5 Nc5 29. Rd4 a4 30. Kb2 axb3 31. axb3 Nxe4 32. Rxe4 Rc7 33. Re2 Rd8 34. Rb4 Rd1 35. Rbe4 Rg1 36. h3 Kf8 37. c4 Rg3 38. R4e3 Rg1 39. Rf3 Ke7 40. Rd2 Re1 41. Kc3 Rb7 42. c5 Rb1 43. Kc4 Rc1+ 44. Rc3 Rb1 45. c6 Rc7 46. Kc5 Rf1 47. Rd4 Ra1 48. b4 f6 49. exf6+ Kxf6 50. Rd7 Rxd7 51. cxd7 Ke7 52. Rd3 Kd8 53. Kb6 Rf1 54. Rd4 Rc1 55. b5 Rc7 56. Ka6 Rc3 57. b6 Ra3+ 58. Kb7 Rxh3 59. Rd6 Rf3 60. Rd4 Rg3 1-0

[Event "Winnipeg TNT June op"]
[Site "Winnipeg CAN"]
[Date "2004.06.29"]
[Round "4"]
[White "Mor, Shai"]
[Black "Silva, T Romero"]
[Result "0-1"]
[WhiteElo "1398"]
[BlackElo "1661"]
[PlyCount "73"]
[GameId "2160767911092244"]
[EventDate "2004.06.01"]
[EventType "swiss"]
[EventRounds "4"]
[EventCountry "CAN"]
[SourceTitle "EXT 2006"]
[Source "ChessBase"]
[SourceDate "2005.11.24"]
[SourceVersion "1"]
[SourceVersionDate "2005.11.24"]
[SourceQuality "1"]

1. c4 Nf6 2. d4 e6 3. Nc3 c5 4. d5 exd5 5. cxd5 d6 6. e4 Bg4 7. Be2 Bxe2 8. Ngxe2 Qa5 9. O-O Nbd7 10. Ng3 a6 11. Re1 Be7 12. Nf5 Bf8 13. Bf4 Ne5 14. Bg5 Nfd7 15. Qe2 f6 16. Bh4 g6 17. Ne3 Bg7 18. Bg3 O-O 19. f4 Nf7 20. Nc4 Qc7 21. a4 Rab8 22. f5 b5 23. axb5 axb5 24. Na5 b4 25. Nd1 Nde5 26. fxg6 hxg6 27. b3 Ra8 28. Qb5 Rfb8 29. Qa4 c4 30. Nb2 c3 31. Bxe5 Nxe5 32. Nbc4 Qc5+ 33. Kh1 Nd3 34. Rf1 Nf2+ 35. Kg1 Nh3+ 36. Kh1 Qg1+ 37. Rxg1 0-1

[Event "Winnipeg TNT June op"]
[Site "Winnipeg CAN"]
[Date "2004.06.29"]
[Round "4"]
[White "Reimer, Bruce"]
[Black "MacPherson, Al"]
[Result "0-1"]
[WhiteElo "1357"]
[BlackElo "1669"]
[PlyCount "58"]
[GameId "2160767911092245"]
[EventDate "2004.06.01"]
[EventType "swiss"]
[EventRounds "4"]
[EventCountry "CAN"]
[SourceTitle "EXT 2006"]
[Source "ChessBase"]
[SourceDate "2005.11.24"]
[SourceVersion "1"]
[SourceVersionDate "2005.11.24"]
[SourceQuality "1"]

1. c4 c5 2. g3 Nf6 3. Bg2 d5 4. cxd5 Nxd5 5. Nc3 e6 6. Nxd5 exd5 7. e3 Be7 8. h3 O-O 9. Ne2 d4 10. exd4 cxd4 11. d3 Nc6 12. O-O Bf5 13. Bxc6 bxc6 14. Kh2 Qd7 15. g4 Be6 16. Bf4 h5 17. f3 c5 18. Bg3 f5 19. Nf4 h4 20. Nxe6 hxg3+ 21. Kxg3 Qxe6 22. Re1 f4+ 23. Kg2 Qf7 24. Qe2 Rae8 25. Qf1 Bh4 26. Re2 Rxe2+ 27. Qxe2 Re8 28. Qd2 Re3 29. b3 Qe7 0-1

[Event "Winnipeg TNT June op"]
[Site "Winnipeg CAN"]
[Date "2004.06.29"]
[Round "4"]
[White "Zaczek, Jonathon"]
[Black "Khedkar, Jay S"]
[Result "1-0"]
[WhiteElo "1924"]
[BlackElo "1921"]
[PlyCount "107"]
[GameId "2160767911092246"]
[EventDate "2004.06.01"]
[EventType "swiss"]
[EventRounds "4"]
[EventCountry "CAN"]
[SourceTitle "EXT 2006"]
[Source "ChessBase"]
[SourceDate "2005.11.24"]
[SourceVersion "1"]
[SourceVersionDate "2005.11.24"]
[SourceQuality "1"]

1. e4 c5 2. Nf3 Nc6 3. d4 cxd4 4. Nxd4 Nf6 5. Nc3 d6 6. Bc4 e6 7. Bb3 Be7 8. Be3 Qc7 9. O-O O-O 10. f4 a6 11. f5 Nxd4 12. Bxd4 b5 13. a3 e5 14. Be3 Bb7 15. Qf3 Bc6 16. Rad1 a5 17. Rf2 b4 18. axb4 axb4 19. Nd5 Nxd5 20. exd5 Ba4 21. Bd2 Bxb3 22. Qxb3 Rfb8 23. Bxb4 Qb6 24. c3 Bg5 25. Kf1 Be3 26. Re2 Bc5 27. Re4 Bg1 28. Qc2 Bxh2 29. Qf2 Ra2 30. Qxb6 Rxb6 31. Ba3 Bf4 32. Ke2 Kf8 33. Rb4 Ra6 34. Kd3 Ke7 35. Kc4 Be3 36. Kb3 R6xa3+ 37. bxa3 Rxg2 38. Rh1 Kf6 39. Rb7 Rf2 40. a4 Rxf5 41. a5 e4 42. Re1 Rxd5 43. Rxe3 Rxa5 44. Rxe4 g5 45. Ree7 h5 46. Rxf7+ Kg6 47. Rfd7 h4 48. Rxd6+ Kf5 49. c4 h3 50. Rb5+ Rxb5+ 51. cxb5 g4 52. Rh6 Kf4 53. b6 g3 54. b7 1-0

[Event "Winnipeg TNT March op"]
[Site "Winnipeg CAN"]
[Date "2004.03.02"]
[Round "1"]
[White "Cleto, Sam"]
[Black "Anderson, George"]
[Result "1-0"]
[WhiteElo "1865"]
[BlackElo "1500"]
[PlyCount "71"]
[GameId "2160767911183652"]
[EventDate "2004.03.02"]
[EventType "swiss"]
[EventRounds "5"]
[EventCountry "CAN"]
[SourceTitle "EXT 2006"]
[Source "ChessBase"]
[SourceDate "2005.11.24"]
[SourceVersion "1"]
[SourceVersionDate "2005.11.24"]
[SourceQuality "1"]

1. Nf3 e6 2. d4 d5 3. c4 Bb4+ 4. Nc3 c5 5. e3 Nf6 6. a3 cxd4 7. axb4 dxc3 8. bxc3 Ne4 9. Qc2 O-O 10. Bd3 f5 11. O-O dxc4 12. Bxc4 Qc7 13. Qb3 Rf6 14. Bb2 Nc6 15. Be2 Rh6 16. Rfd1 b6 17. g3 Bb7 18. c4 a5 19. b5 Nb4 20. Be5 Qf7 21. Bf4 Nc5 22. Qxb4 Qh5 23. Qe1 Bxf3 24. Bxf3 Qxf3 25. Bxh6 gxh6 26. Qf1 e5 27. Qg2 Qxg2+ 28. Kxg2 a4 29. Rd6 e4 30. Rxb6 a3 31. Rc6 Nb3 32. Ra2 Nc1 33. b6 Kg7 34. b7 Rb8 35. Rc7+ Kg6 36. Rxa3 1-0

[Event "Winnipeg TNT March op"]
[Site "Winnipeg CAN"]
[Date "2004.03.02"]
[Round "1"]
[White "Degroot, Stephen"]
[Black "Repa, Jason"]
[Result "0-1"]
[WhiteElo "1524"]
[BlackElo "1967"]
[PlyCount "61"]
[GameId "2160767911183653"]
[EventDate "2004.03.02"]
[EventType "swiss"]
[EventRounds "5"]
[EventCountry "CAN"]
[SourceTitle "EXT 2006"]
[Source "ChessBase"]
[SourceDate "2005.11.24"]
[SourceVersion "1"]
[SourceVersionDate "2005.11.24"]
[SourceQuality "1"]

1. c4 f5 2. d3 Nf6 3. g3 e6 4. Bg2 c6 5. e4 fxe4 6. dxe4 d5 7. cxd5 exd5 8. e5 Ng4 9. f4 Qa5+ 10. Nd2 Bc5 11. Nh3 Ne3 12. Qe2 Nc2+ 13. Kd1 Nxa1 14. Qh5+ g6 15. Qh6 Bf8 16. Qg5 Qd8 17. Qxd8+ Kxd8 18. Ng5 Ke8 19. Re1 Bf5 20. e6 Nc2 21. Re2 Nd4 22. Re3 h6 23. Nf7 Rh7 24. Ne5 Bd6 25. g4 Bc2+ 26. Ke1 Bxe5 27. Rxe5 Re7 28. Nf3 Nxe6 29. Bh3 Nd7 30. Re2 Bd3 31. Rf2 0-1

[Event "Winnipeg TNT March op"]
[Site "Winnipeg CAN"]
[Date "2004.03.02"]
[Round "1"]
[White "Gibbons, Lorne"]
[Black "Zaczek, Jonathon"]
[Result "0-1"]
[WhiteElo "1353"]
[BlackElo "1832"]
[PlyCount "24"]
[GameId "2160767911183654"]
[EventDate "2004.03.02"]
[EventType "swiss"]
[EventRounds "5"]
[EventCountry "CAN"]
[SourceTitle "EXT 2006"]
[Source "ChessBase"]
[SourceDate "2005.11.24"]
[SourceVersion "1"]
[SourceVersionDate "2005.11.24"]
[SourceQuality "1"]

1. d4 Nf6 2. c4 g6 3. Nc3 Bg7 4. Bf4 O-O 5. h3 d6 6. e4 Nbd7 7. Nf3 c5 8. d5 Qa5 9. Qd2 a6 10. Be2 Rb8 11. O-O b5 12. b3 Nh5 0-1

[Event "Winnipeg TNT March op"]
[Site "Winnipeg CAN"]
[Date "2004.03.02"]
[Round "1"]
[White "Greenberg, Harley"]
[Black "Reimer, Bruce"]
[Result "1-0"]
[WhiteElo "1815"]
[BlackElo "1330"]
[PlyCount "39"]
[GameId "2160767911183655"]
[EventDate "2004.03.02"]
[EventType "swiss"]
[EventRounds "5"]
[EventCountry "CAN"]
[SourceTitle "EXT 2006"]
[Source "ChessBase"]
[SourceDate "2005.11.24"]
[SourceVersion "1"]
[SourceVersionDate "2005.11.24"]
[SourceQuality "1"]

1. d4 d5 2. c4 e6 3. Nf3 Nf6 4. g3 c6 5. Bg2 Bb4+ 6. Bd2 Qa5 7. O-O O-O 8. Nc3 dxc4 9. Ne5 Qb6 10. a3 Qxd4 11. Nf3 Qd6 12. axb4 Qxb4 13. Nd5 Qxb2 14. Bc3 Qb3 15. Nxf6+ gxf6 16. Qc1 e5 17. Nxe5 Bf5 18. Ng4 Bxg4 19. Bxf6 Bf5 20. Qh6 1-0

[Event "Winnipeg TNT March op"]
[Site "Winnipeg CAN"]
[Date "2004.03.02"]
[Round "1"]
[White "Lipnowski, Samuel"]
[Black "Pottinger, Carl"]
[Result "1-0"]
[WhiteElo "2106"]
[BlackElo "1603"]
[PlyCount "75"]
[GameId "2160767911183656"]
[EventDate "2004.03.02"]
[EventType "swiss"]
[EventRounds "5"]
[EventCountry "CAN"]
[SourceTitle "EXT 2006"]
[Source "ChessBase"]
[SourceDate "2005.11.24"]
[SourceVersion "1"]
[SourceVersionDate "2005.11.24"]
[SourceQuality "1"]

1. e4 c5 2. Nf3 Nc6 3. d4 cxd4 4. Nxd4 g6 5. Nc3 Bg7 6. Be3 Nf6 7. f3 O-O 8. g4 d6 9. Qd2 Bd7 10. O-O-O Bxg4 11. fxg4 Nxg4 12. Nxc6 bxc6 13. Be2 Nxe3 14. Qxe3 Qa5 15. a3 Bxc3 16. Qxc3 Qxc3 17. bxc3 f6 18. Kd2 Kg7 19. Rb1 Rab8 20. a4 d5 21. Ke3 e5 22. c4 d4+ 23. Kd3 c5 24. Rb5 Rfc8 25. Rhb1 Rxb5 26. cxb5 c4+ 27. Kd2 c3+ 28. Kd3 Rb8 29. Kc4 Kf7 30. Kc5 Ke6 31. Kc6 Rb6+ 32. Kc7 Rd6 33. a5 Rd7+ 34. Kb8 f5 35. Bf3 f4 36. b6 axb6 37. Rxb6+ Ke7 38. Rb7 1-0

[Event "Winnipeg TNT March op"]
[Site "Winnipeg CAN"]
[Date "2004.03.02"]
[Round "1"]
[White "Mor, Shai"]
[Black "Anderson, Collin"]
[Result "0-1"]
[WhiteElo "1329"]
[BlackElo "1779"]
[PlyCount "133"]
[GameId "2160767911183657"]
[EventDate "2004.03.02"]
[EventType "swiss"]
[EventRounds "5"]
[EventCountry "CAN"]
[SourceTitle "EXT 2006"]
[Source "ChessBase"]
[SourceDate "2005.11.24"]
[SourceVersion "1"]
[SourceVersionDate "2005.11.24"]
[SourceQuality "1"]

1. e4 c5 2. Nf3 d6 3. c3 Nc6 4. d4 cxd4 5. cxd4 Bg4 6. Bb5 a6 7. Ba4 b5 8. Bb3 Nf6 9. Be3 e6 10. Nbd2 Be7 11. O-O O-O 12. Rc1 Rc8 13. d5 Ne5 14. dxe6 fxe6 15. h3 Rxc1 16. Qxc1 Nxf3+ 17. Nxf3 Bxf3 18. Bxe6+ Kh8 19. gxf3 Nd7 20. Bd4 Ne5 21. Bxe5 dxe5 22. Qc6 Qd2 23. Qxa6 Qxb2 24. Qa7 Bh4 25. Qc5 Rd8 26. Bd5 b4 27. Kg2 h6 28. Qc6 Qe2 29. Qg6 Rf8 30. Bf7 Qd2 31. Be6 Qg5+ 32. Qxg5 Bxg5 33. Kg3 g6 34. h4 Bf4+ 35. Kg2 Rd8 36. h5 g5 37. Bd5 Rc8 38. Rb1 Bd2 39. Rb2 Bc3 40. Rc2 Kg7 41. Kf1 Kf6 42. Ke2 Ke7 43. Kd3 Rf8 44. Ke2 Rf4 45. a4 Rf6 46. Bc4 Kd6 47. a5 Kc5 48. Kd3 Rxf3+ 49. Ke2 Rf6 50. Bd3 Kd4 51. a6 b3 52. Rc1 Rf7 53. f3 b2 54. Rd1 Kc5 55. Ke3 Kb4 56. Be2 Rc7 57. Rb1 Bd4+ 58. Kd2 Rc1 59. Rxc1 Be3+ 60. Kxe3 bxc1=Q+ 61. Kf2 Qc7 62. Kg3 Kc5 63. Kf2 Kb6 64. Kg3 Qc1 65. Kg4 Qf4+ 66. Kh3 Qh4+ 67. Kg2 0-1

[Event "Winnipeg TNT March op"]
[Site "Winnipeg CAN"]
[Date "2004.03.02"]
[Round "1"]
[White "Rutter, Blair"]
[Black "Babb, Jeff"]
[Result "0-1"]
[WhiteElo "1657"]
[BlackElo "2145"]
[PlyCount "62"]
[GameId "2160767911183658"]
[EventDate "2004.03.02"]
[EventType "swiss"]
[EventRounds "5"]
[EventCountry "CAN"]
[SourceTitle "EXT 2006"]
[Source "ChessBase"]
[SourceDate "2005.11.24"]
[SourceVersion "1"]
[SourceVersionDate "2005.11.24"]
[SourceQuality "1"]

1. c4 Nc6 2. g3 e5 3. Bg2 g6 4. Nc3 Bg7 5. e4 d6 6. Nge2 h5 7. h3 Nge7 8. d3 O-O 9. O-O Nd4 10. Be3 a6 11. Kh2 Bd7 12. f4 f5 13. Qd2 Kh7 14. exf5 Nexf5 15. Bxd4 exd4 16. Ne4 Ne3 17. Ng5+ Kh8 18. Bxb7 Rb8 19. Be4 Qxg5 20. fxg5 Rxf1 21. Nf4 Rxa1 22. Nxg6+ Kg8 23. Qf2 Nf1+ 24. Kg2 Ne3+ 25. Kh2 Re8 26. b3 Rd1 27. Nf4 Rxe4 28. dxe4 Rd2 29. Ne2 d3 30. Qf3 Rxe2+ 31. Kh1 d2 0-1